Southville International School and Colleges
Your cart is empty.
  • Cart
  • Lists
    Public lists Eva Luna New books Lux_list list_1
    Your lists Log in to create your own lists
  • Log in to your account
  • Your cookies
  • Search history
Southville International School and Colleges
  • Advanced search
  • Recent comments
  • Most popular
  • Libraries

Log in to your account

Log in with GOOGLE


If you do not have an external account, but do have a local account, you can still log in:

  1. Home
  2. MARC view: Zoology
Normal view MARC view ISBD view

Zoology (Record no. 16757)

[ view plain ]
MARC details
000 -LEADER
fixed length control field 01042cam a22003254a 4500
001 - CONTROL NUMBER
control field 15650331
003 - CONTROL NUMBER IDENTIFIER
control field OSt
005 - DATE AND TIME OF LATEST TRANSACTION
control field 20140310182836.0
008 - FIXED-LENGTH DATA ELEMENTS--GENERAL INFORMATION
fixed length control field 090306s2010 iaua 001 0 eng
010 ## - LIBRARY OF CONGRESS CONTROL NUMBER
LC control number 2009008619
020 ## - INTERNATIONAL STANDARD BOOK NUMBER
International Standard Book Number 9780071325790
040 ## - CATALOGING SOURCE
Original cataloging agency DLC
Transcribing agency DLC
Modifying agency DLC
050 00 - LIBRARY OF CONGRESS CALL NUMBER
Classification number QL 47.2
Item number .M651 2011
082 00 - DEWEY DECIMAL CLASSIFICATION NUMBER
Classification number M 590
-- 8th ed.
Item number M651 2011
100 1# - MAIN ENTRY--PERSONAL NAME
Personal name Miller, Stephen A.
245 10 - TITLE STATEMENT
Title Zoology
Statement of responsibility, etc Miller, Stephen A., Harley, John P.
250 ## - EDITION STATEMENT
Edition statement 8th ed.
260 ## - PUBLICATION, DISTRIBUTION, ETC. (IMPRINT)
Place of publication, distribution, etc New York :
Name of publisher, distributor, etc McGraw-Hill Companies, Inc.,
Date of publication, distribution, etc c2011.
300 ## - PHYSICAL DESCRIPTION
Extent xvi, 592 p. :
Other physical details ill. ;
Dimensions 26 cm.
500 ## - GENERAL NOTE
General note Includes index.
521 ## - TARGET AUDIENCE NOTE
Target audience note
526 ## - STUDY PROGRAM INFORMATION NOTE
Reading level 1210L-1700L
541 ## - IMMEDIATE SOURCE OF ACQUISITION NOTE
-- 1
562 ## - COPY AND VERSION IDENTIFICATION NOTE
Number of copies for circulation : 1 copy available in the collection
650 #0 - SUBJECT ADDED ENTRY--TOPICAL TERM
Topical term or geographic name as entry element Zoology.
700 1# - ADDED ENTRY--PERSONAL NAME
Personal name Harley, John P.
906 ## - LOCAL DATA ELEMENT F, LDF (RLIN)
a 7
b cbc
c orignew
d 1
e ecip
f 20
g y-gencatlg
942 ## - ADDED ENTRY ELEMENTS (KOHA)
Source of classification or shelving scheme Library of Congress Classification
Koha item type Books
Call number prefix
Holdings
Withdrawn status Lost status Source of classification or shelving scheme Damaged status Home library Current library Shelving location Date acquired Total Checkouts Total Renewals Full call number Barcode Date last seen Date checked out Copy number Price effective from Koha item type
    Library of Congress Classification   College Library College Library General Circulation Section 06/06/2013 5 25 QL 47.2 .M651 2011 C13973 05/15/2018 02/06/2018 1 06/06/2013 Books

Zoology

APA

Miller S. A., Harley J. P., . (2011). Zoology. New York: McGraw-Hill Companies, Inc.

Chicago

Miller Stephen A, Harley John P, . 2011. Zoology. New York: McGraw-Hill Companies, Inc.

Harvard

Miller S. A., Harley J. P., . (2011). Zoology. New York: McGraw-Hill Companies, Inc.

MLA

Miller Stephen A, Harley John P, . Zoology. New York: McGraw-Hill Companies, Inc. 2011.

  • Place hold
  • Print
  • Cite
  • Add to your cart (remove)
  • Save record
    BIBTEX Dublin Core MARCXML MARC (non-Unicode/MARC-8) MARC (Unicode/UTF-8) MARC (Unicode/UTF-8, Standard) MODS (XML) RIS
  • More searches
    Search for this title in:
    Other Libraries (WorldCat) Other Databases (Google Scholar) Online Stores (Bookfinder.com) Open Library (openlibrary.org)

Exporting to Dublin Core...

SOUTHVILLE LIBRARY

Southville International School and Colleges Library

1281 Tropical Ave. Cor. Luxembourg St., BF Homes International, Las Pinas City

Tel. No. 8256374 / 252358 Loc. 117/146

Powered by Koha